| 000 | 01306nam a22002057a 4500 | ||
|---|---|---|---|
| 999 |
_c61035 _d61035 |
||
| 005 | 20231211095829.0 | ||
| 008 | 231211s1984 ru ||||| |||| 00| 0 rus d | ||
| 041 | _arus | ||
| 080 | _a912.44(479.22) A-92 | ||
| 245 |
_aАтлас Грузинской Советской Социалистической Республики / _cРедакционная коллегия: Г.С. Дзоценидзе, Ф.Ф. Давитая, А.Н. Джавахишвили [и др.]; Академия наук Грузинской ССР, Институт географии им. Вахушти. |
||
| 264 |
_aТбилиси ; Москва : _bГл. упр. геодезии и картографии Гос. геологического комитета СССР, _c1964. |
||
| 300 |
_a269 с.: _bцв. карты ; _c29 см. |
||
| 653 | _aსაქართველო | ||
| 653 | _aატლასები | ||
| 700 |
_aДзоценидзе, Г.С. _eრედაქტორი _920646 |
||
| 700 |
_aДавитая, Ф.Ф. _eრედაქტორი _920647 |
||
| 700 |
_aДжавахишвили, А.Н. _eრედაქტორი _920648 |
||
| 710 |
_aАкадемия наук Грузинской ССР. _dИнститут географии им. Вахушти. _920649 |
||
| 942 |
_2udc _cᲬᲘᲒᲜᲘ |
||